<?xml version="1.0" encoding="UTF-8"?>
<marc:record xmlns:marc="http://www.loc.gov/MARC21/slim">
   <marc:leader>00000nam a2200000 a 4500</marc:leader>
   <marc:datafield ind1="1" ind2=" " tag="100">
      <marc:subfield code="a">Marías, Javier</marc:subfield>
      <marc:subfield code="4">aut</marc:subfield>
      <marc:subfield code="e">Verfasser/-in</marc:subfield>
   </marc:datafield>
   <marc:datafield ind1=" " ind2=" " tag="653">
      <marc:subfield code="a">P2019</marc:subfield>
   </marc:datafield>
   <marc:datafield ind1="0" ind2="0" tag="245">
      <marc:subfield code="a">Mein Herz so weiß</marc:subfield>
   </marc:datafield>
   <marc:datafield ind1="0" ind2="0" tag="245">
      <marc:subfield code="b">Roman</marc:subfield>
   </marc:datafield>
   <marc:datafield ind1=" " ind2="1" tag="264">
      <marc:subfield code="b">Klett-Cotta</marc:subfield>
      <marc:subfield code="c">1996</marc:subfield>
   </marc:datafield>
   <marc:datafield ind1="1" ind2=" " tag="520">
      <marc:subfield code="a">Teresa und Ranz sind gerade von der Hochzeitsreise zurückgekehrt, da geht die junge Frau ins Badezimmer und schießt sich ins Herz. Das ist der Auftakt zu Javier Marias' raffiniert komponiertem Roman über Liebe, Ehe, Treue und Verrat. Vierzig Jahre nach dem Vorfall stellt sich Juan, Ranz' Sohn aus zweiter Ehe, Fragen nach den Gründen für Teresas Selbstmord; er recherchiert und am Ende erfährt er die ganze schreckliche Wahrheit.  

</marc:subfield>
   </marc:datafield>
   <marc:datafield ind1="3" ind2=" " tag="024">
      <marc:subfield code="a">3608933867</marc:subfield>
   </marc:datafield>
</marc:record>
